00630nam a2200193Ia 4500001002300000003000900023008004100032040002300073041001300096100002000109240003300129245003200162250001500194260002800209300001900237490002200256501012400278700003400402261.2-DEL he pr (4059)IT-MiSPE171229s9999||||xx |||||||||||||| ||und|| aIT-MiSPEcIT-MiSPE aITALIANO aHenri De Lubac  aProudhon et le Christianisme 0aProudhon e il cristianesimo a1a ed. (v) aMilanobJaka Bookc1985 a325 p. c23 cm aOpera omnia: Iv3 aEdizioni San Paolo srl - Piazza Soncino, 5 - 20092 CINISELLO BALSAMO (MI) (non commercial uses only) ® Copyright 2018 aCarola Mattiolig(traduzione)